000 01372nam a22003737a 4500
003 CHAP
005 20220329142158.0
008 000131d1999 mx r 00110 spa d
010 _a79626
011 _a80598
035 _a91049
040 _cCHAP
090 _aTesis
100 0 0 _aMiguel Gutiérrez, Feliciana.
_975619
245 1 0 _aControl químico de trips (Thrips tabaci L.) en el cultivo de cebolla (Allium cepa L.) utilizando diferentes tamaños de gota en Jolalpan, Puebla
_c/por
260 _aChapingo, Méx. :
_bEl autor,
_c1999.
300 _a51 h. :
_bcuadros
502 _aTesis (Ing. Agr. Esp. en Parasitología Agrícola) -- UACH. Departamento de Parasitología Agrícola
590 _aALEPH
_b10
_c20130110
_lUCH01
_h1432
590 _aBATCH-UPD
_b10
_c20130110
_lUCH01
_h1709
590 _aBATCH-UPD
_b10
_c20130410
_lUCH01
_h1055
590 _aBATCH-UPD
_b10
_c20130914
_lUCH01
_h0906
590 _aCONVERSION
_b10
_c20130109
_lUCH01
_h1344
650 1 4 _aCebolla
_xPlagas.
_920793
650 1 4 _aCebolla
_xPuebla.
_920800
650 1 4 _aControl de plagas.
_927595
650 1 4 _aTisanópteros.
_9113414
901 _aBK
905 _aGuadalupe Pinto C.
942 _cFOLL
949 _bBC
_cTES
_d33724000744926
_eTS2
_fc.2
_h34694
_i91049
_sb
949 _bBC
_cTES
_d33724000767927
_eTS2
_fc.3
_h35501
_i91049
_si
949 _bBC
_cTES
_d910491
_eTS1
_h34693
_i91049
_sb
999 _c79626
_d79626